Statistics for Danmarks 200 største byer (2018)

Click here to take the quiz!

General Stats

  • This quiz has been taken 421 times
  • The average score is 70 of 200

Answer Stats

Nr.Indbyggere (2018)Bynavn% Correct
11.208.893København
99%
4114.194Aalborg
97%
3178.210Odense
97%
2273.077Aarhus
95%
572.398Esbjerg
91%
1050.781Roskilde
85%
956.567Vejle
85%
1344.557Herning
84%
662.687Randers
83%
858.646Horsens
81%
2427.785Sønderborg
79%
760.508Kolding
78%
1543.313Silkeborg
78%
2723.423Frederikshavn
77%
1740.621Viborg
77%
818.037Skagen
76%
1443.508Næstved
75%
1837.040Køge
74%
2133.777Slagelse
74%
1641.044Fredericia
73%
2527.324Svendborg
73%
2232.698Hillerød
72%
4016.523Kalundborg
71%
877.672Tønder
69%
1936.199Holstebro
68%
4415.479Ikast
68%
3717.164Nyborg
68%
5013.416Thisted
68%
1247.364Helsingør
66%
2625.994Hjørring
66%
2922.657Ringsted
66%
3220.809Skive
65%
957.065Faaborg
64%
4515.246Middelfart
64%
1006.451Billund
63%
4913.737Rønne
63%
4116.274Aabenraa
62%
1016.209Assens
62%
3021.973Haderslev
62%
768.259Ribe
62%
659.966Ringkøbing
62%
5712.038Vordingborg
62%
2328.264Holbæk
60%
3916.778Nykøbing F
60%
4714.583Korsør
59%
3618.907Skanderborg
56%
4316.254Frederikssund
55%
1045.914Kerteminde
55%
837.958Sorø
55%
4813.949Varde
55%
669.763Vejen
53%
699.173Nykøbing M
52%
3420.302Farum
50%
1075.857Hirtshals
50%
5812.032Hobro
50%
847.866Skjern
50%
2034.470Taastrup
50%
966.978Lemvig
49%
6310.375Struer
49%
4614.654Grenaa
48%
1095.807Maribo
48%
5212.661Nakskov
48%
5312.598Brønderslev
47%
927.197Ebeltoft
47%
1147.489Hørsholm
47%
2822.859Nørresundby
46%
1593.891Bogense
45%
917.300Brande
44%
1175.194Nykøbing S
44%
5512.093Odder
43%
887.575Vojens
43%
3320.539Birkerød
42%
1703.569Frederiksberg
42%
728.611Fredensborg
41%
679.738Grindsted
40%
1713.521Jelling
40%
758.301Aars
39%
5612.085Dragør
39%
1374.335Padborg
39%
937.153Bramming
38%
1524.017Faxe
38%
708.874Sæby
38%
718.613Hundested
37%
6410.148Jyllinge
37%
986.611Gilleleje
36%
1324.610Give
36%
5412.451Frederiksværk
35%
897.477Bjerringbro
34%
1145.249Nibe
34%
1284.671Rudkøbing
34%
6011.880Haslev
31%
788.086Hadsten
30%
3816.878Lillerød
30%
1026.149Ry
30%
996.451Skælskør
30%
857.955Støvring
30%
1085.850Aabybro
29%
1514.044Tarm
29%
778.229Helsinge
28%
1055.912Ringe
28%
1036.111Rødekro
28%
808.048Nivå
27%
1663.644Nexø
26%
1065.866Nordborg
26%
867.808Hinnerup
25%
689.643Humlebæk
25%
1235.003Hadsund
24%
947.078Hammel
23%
1973.016Hvide Sande
23%
1543.992Juelsminde
23%
1314.629Sakskøbing
23%
976.855Slangerup
23%
5113.070Værløse
22%
1304.632Borup
21%
1753.436Dronninglund
21%
1563.969Hjallerup
21%
798.063Hørning
21%
1384.281Jyderup
21%
1683.594Løgumkloster
21%
1583.891Præstø
21%
3519.816Smørumnedre
21%
907.346Svenstrup
21%
1244.927Vamdrup
21%
1394.264Gråsten
20%
1464.112Løgstør
20%
1573.923Ølgod
20%
1773.375Farsø
19%
1923.136Holsted
19%
1943.096Lunderskov
19%
6210.477Lystrup
19%
1195.120Otterup
19%
1264.675Strib
19%
1354.398Vodskov
19%
1733.458Fjerritslev
18%
1494.073Langeskov
18%
1853.238Augustenborg
17%
1334.573Brørup
17%
3121.746Ølstykke-Stenløse
17%
1993.007Sindal
17%
4216.255Solrød Strand
17%
1843.244Aulum
16%
1105.743Hornslet
16%
1933.134Skærbæk
16%
1903.166Aarup
15%
1185.159Lind
15%
1115.563Munkebo
15%
1613.842Stege
15%
1623.764Tølløse
15%
1633.755Harlev
14%
1434.195Jægerspris
14%
1783.350Taulov
14%
1813.292Toftlund
14%
1294.636Viby S
14%
1893.181Ejby
13%
1444.194Høng
13%
1205.089Kjellerup
13%
1165.235Tune
13%
1404.236Videbæk
13%
1504.045Vildbjerg
13%
1873.229Vissenbjerg
13%
748.452Beder-Malling
12%
6111.835Hedensted-Løsning
12%
1135.488Børkop
11%
1653.653Brædstrup
11%
1603.863Årslev
10%
1254.763Bellinge
10%
1953.051Brejning
10%
1673.634Hjortshøj
10%
1225.007Mårslet
10%
1474.111Sunds
10%
1823.286Broager
9%
1534.013Dianalund
9%
1803.302Glamsbjerg
9%
1643.680Græsted
9%
1414.236Havdrup
9%
1274.675Klarup
9%
828.003Løgten-Skødstrup
9%
1863.232Søndersø
9%
1763.398Store Heddinge
9%
1913.151Vinderup
9%
1723.505Assentoft
8%
5911.990Hedehusene-Fløng
8%
1883.193Skibby
8%
1793.336Storvorde
8%
738.462Galten-Skovby
7%
1344.408Strøby Egede
7%
1364.363Svogerslev
7%
1743.442Virklund
7%
1983.015Auning
6%
1215.042Fensmark
6%
1693.574Gistrup
6%
1125.520Hellebæk-Ålsgårde
5%
1155.248Hornbæk-Dronningmølle
5%
1484.096Kirke Hvalsø
5%
1454.166Lynge-Uggeløse
5%
2003.004Sankt Klemens
5%
1553.972Solbjerg
5%
1424.198Svejbæk
5%
1833.245Thurø By
5%
1963.042Bjæverskov
4%

Score Distribution

Percentile by Number Answered

Percent of People with Each Score

Your Score History

You have not taken this quiz